Formation of a nation: a photographic flashback: in conjuction of the with the 55th celebration of Merdeka Day in celebration of the 49th Malaysia Day
Guardat en:
| Format: | Llibre |
|---|---|
| Idioma: | anglès |
| Publicat: |
: Islamic Arts Museum Malaysia,
2012
|
| Etiquetes: |
Afegir etiqueta
Sense etiquetes, Sigues el primer a etiquetar aquest registre!
|
MARC
| LEADER | 00000nam a22000007a 4500 | ||
|---|---|---|---|
| 008 | 210126b ||||| |||| 00| 0 eng d | ||
| 020 | |a 978-983-44-696-8-9 | ||
| 245 | |a Formation of a nation: |b a photographic flashback: in conjuction of the with the 55th celebration of Merdeka Day in celebration of the 49th Malaysia Day |c Heba Nayel Barakat, Adline Abdul Ghani and Farhani Shamsudin.- | ||
| 260 | |b : Islamic Arts Museum Malaysia, |c 2012 |h Kuala Lumpur, Malaysia |i 690057 |l TR650 .F76 | ||
| 942 | |a lcc |c BK |e j o ifatola |f 26/1/2021 | ||
| 952 | |0 0 |1 0 |2 lcc |4 0 |6 TR0650 F76 |7 0 |9 1823 |a HOL |b HOL |c QZ |d 2021-01-26 |l 0 |o TR650 .F76 |p 2021-5695 |r 2021-01-26 00:00:00 |w 2021-01-26 |y BK | ||
| 999 | |c 959 |d 959 | ||